000 008920000a22001930004500
041 0 _aSPA
082 0 4 _aG 173 L4391h
100 1 _aLeavell, Marta B. (Boone) (1894-)
245 1 0 _aHacia un hogar cristiano / Marta B. Leavell ; Jaime C. Quarles, Traductor
260 _aEl Paso, TX., USA : Casa Bautista de Publicaciones
300 _a160 Pag.
505 0 0 _aGuía para estudio del libro --- el significado del hogar -- la religión en el hogar -- la autoridad en el hogar -- el culto en el hogar -- la biblia en la enseñanza de los niños -- la biblia y los problemas de la juventud -- la cooperación del hogar con la iglesia -- el hogar y el mundo de afuera -- preguntas para el repaso y examen
650 1 4 _aFAMILIA - VIDA RELIGIOSA
001 1249
942 _cBK
999 _c32572
_d32572
336 _atexto
_btxt
_2rdacontent
337 _2rdamedia
_asin mediación
_bn
338 _2rdacarrier
_avolumen
_bnc